Deuda externa: ¿problema económico o político?
Wedi'i Gadw mewn:
| Fformat: | Texto |
|---|---|
| Pynciau: | |
| Tagiau: |
Ychwanegu Tag
Dim Tagiau, Byddwch y cyntaf i dagio'r cofnod hwn!
|
MARC
| LEADER | 00000 a a2200000 04500 | ||
|---|---|---|---|
| 001 | 44653 | ||
| 003 | |||
| 040 | |||
| 245 | |a Deuda externa: |b ¿problema económico o político? | ||
| 650 | |a DEUDA EXTERNA | ||
| 650 | |a ASPECTOS ECONOMICOS | ||
| 650 | |a ASPECTOS SOCIALES | ||
| 650 | |a ECONOMIA INTERNACIONAL | ||
| 650 | |a COMERCIO INTERNACIONAL | ||
| 650 | |a CONSUMISMO | ||
| 650 | |a COMPRA DE ARMAS | ||
| 650 | |a LATINOAMERICA/PRIVATIZACION | ||
| 773 | |g volumen8, número63 (1984), Página: 15 | ||
| 999 | |c 26581 |d 26581 | ||
| 773 | 0 | |0 42391 |9 3699 |a Agencia Latinoamericana de Información, ALAI |d Quito, Ecuador: ALAI |o 04329 |t ALAI: |x 08275564 (Servicio mensual de información y documentación) | |
